Water Bill published (Record no. 72140)

MARC details
000 -LEADER
fixed length control field 00941cam a2200205 4500
001 - CONTROL NUMBER
control field WB3907-08
008 - FIXED-LENGTH DATA ELEMENTS--GENERAL INFORMATION
fixed length control field 030220n2003 000 0 eng u
035 ## - SYSTEM CONTROL NUMBER
System control number (Sirsi) u121403
245 ## - TITLE STATEMENT
Title Water Bill published
260 ## - PUBLICATION, DISTRIBUTION, ETC.
Date of publication, distribution, etc. 2003
490 ## - SERIES STATEMENT
Series statement DEFRA News Release
Volume/sequential designation (60/03) 20 February 2003, (3)
520 ## - SUMMARY, ETC.
Summary, etc. The new Water Bill is published with the aim of promoting sustainable use of water resources. Key measures include reforming abstraction licensing, improving water management and conservation and building a more stable regulatory regime. Bill available at www.publications.parliament.uk/pa/ld200203/ldbills/036/2003036.htm www.defra.gov.uk/news/2003/030220a.htm
590 ## - LOCAL NOTE (RLIN)
Local note WB
650 ## - SUBJECT ADDED ENTRY--TOPICAL TERM
Topical term or geographic name entry element WATER BILL
650 ## - SUBJECT ADDED ENTRY--TOPICAL TERM
Topical term or geographic name entry element WATER MANAGEMENT
650 ## - SUBJECT ADDED ENTRY--TOPICAL TERM
Topical term or geographic name entry element PROPERTY-RURAL AND NATURAL ASSETS-WATER RESOURCES
650 ## - SUBJECT ADDED ENTRY--TOPICAL TERM
Topical term or geographic name entry element Sustainability
9 (RLIN) 6271
690 ## - LOCAL SUBJECT ADDED ENTRY--TOPICAL TERM (OCLC, RLIN)
Topical term or geographic name as entry element ENVIRONMENTAL AND LAND CONSULTANCY-ENVIRONMENTAL MANAGEMENT
942 ## - ADDED ENTRY ELEMENTS (KOHA)
Suppress in OPAC 0
Holdings
Withdrawn status Lost status Source of classification or shelving scheme Damaged status Not for loan Home library Current library Shelving location Date acquired Total Checkouts Full call number Barcode Date last seen Copy number Price effective from Koha item type
    Dewey Decimal Classification     London London News article 20/02/2003   WB3907-08 121403-1001 06/08/2019 1 06/08/2019 News article